Property rights and compensation: compulsory acquisition and other losses (Record no. 85569)

MARC details
000 -LEADER
fixed length control field 00575cam a2200217 4500
001 - CONTROL NUMBER
control field D6385
008 - FIXED-LENGTH DATA ELEMENTS--GENERAL INFORMATION
fixed length control field 090401t1983 xxu||||| |||| 00| 0 eng d
035 ## - SYSTEM CONTROL NUMBER
System control number (Sirsi) u528
041 ## - LANGUAGE CODE
Language code of text/sound track or separate title eng
050 ## - LIBRARY OF CONGRESS CALL NUMBER
Classification number 711.140971
100 ## - MAIN ENTRY--PERSONAL NAME
Personal name Knetsch, Jack L
245 ## - TITLE STATEMENT
Title Property rights and compensation: compulsory acquisition and other losses
260 ## - PUBLICATION, DISTRIBUTION, ETC.
Place of publication, distribution, etc. Toronto
Name of publisher, distributor, etc. Butterworths
Date of publication, distribution, etc. 1983
300 ## - PHYSICAL DESCRIPTION
Extent ix. 181p. 23cm
350 ## - PRICE (NR) (BK AM CF MU VM SE) [OBSOLETE]
Price 26.6
490 ## - SERIES STATEMENT
Series statement Studies in Law and Economics
650 ## - SUBJECT ADDED ENTRY--TOPICAL TERM
Topical term or geographic name entry element CANADA
650 ## - SUBJECT ADDED ENTRY--TOPICAL TERM
Topical term or geographic name entry element Compulsory purchase
9 (RLIN) 6228
942 ## - ADDED ENTRY ELEMENTS (KOHA)
Suppress in OPAC 0
948 ## - LOCAL PROCESSING INFORMATION (OCLC); SERIES PART DESIGNATOR (RLIN)
c (OCLC) 04/03/1997
Holdings
Withdrawn status Lost status Source of classification or shelving scheme Damaged status Not for loan Home library Current library Shelving location Date acquired Cost, normal purchase price Total Checkouts Full call number Barcode Date last seen Date last checked out Copy number Cost, replacement price Price effective from Koha item type
    Dewey Decimal Classification     London London Books 14/09/1999 26.60 3 711.140971 30023474 06/08/2019 10/05/2005 1 26.60 06/08/2019 Book